000 01549cam a2200361 a 4500
001 secretsofskating00baiu
003 CaSfIA
005 20210119081143.0
007 cr||||
008 970613s1997 nyua 000 0 eng
010 _a 97026039
040 _aDLC
_cDLC
_dBAKER
_dBTCTA
_dYDXCP
_dOCLCG
_dOTP
_dCaSfIA
020 _a0789301040 (hard)
020 _a9780789301048 (hard)
035 _a(OCoLC)37195066
050 0 0 _aGV849
_b.B25 1997
082 0 0 _a796.91/2/092
_221
082 1 4 _aB
_221
100 1 _aBaiul, Oksana,
_d1977-
245 1 0 _aSecrets of skating /
_h[electronic resource]
_cOksana Baiul ; compiled by Christopher Sweet ; with a foreword by Dorothy Hamill ; original photography by Simon Bruty.
260 _aNew York :
_bUniverse Pub.,
_c1997.
300 _a133 p. :
_bchiefly ill. (some col.) ;
_c29 cm.
650 0 _aSkating.
700 1 _aSweet, Christopher.
700 1 _aBruty, Simon.
856 4 1 _uhttp://www.archive.org/details/secretsofskating00baiu
_zFree eBook from the Internet Archive
856 4 2 _uhttp://www.openlibrary.org/books/OL679530M
_zAdditional information and access via Open Library
029 1 _aNZ1
_b4846167
029 1 _aAU@
_b000013302749
942 _cEB
506 _fНеобхідна авторизація на https://archive.org/ (створення облікового запису безкоштовно)
506 _fНеобхідна авторизація на https://openlibrary.org/ (створення облікового запису безкоштовно)
999 _c547083
_d547083